[Event "Quindio-ch"]
[Site "Quindio"]
[Date "2016.09.16"]
[Round "1.1"]
[White "Alvear, Miller Leandro"]
[Black "Agudelo, Carlos Hernan"]
[Result "0-1"]
[WhiteElo "1781"]
[BlackElo "2085"]
[PlyCount "32"]
[EventDate "2016.09.16"]
[EventType "swiss"]
[EventRounds "5"]
[EventCountry "COL"]
[SourceTitle "EXT 2024"]
[Source "ChessBase"]
[SourceDate "2023.10.10"]
[SourceVersion "1"]
[SourceVersionDate "2023.10.10"]
[SourceQuality "1"]

1. e4 c5 2. Nc3 e6 3. Bc4 Nc6 4. f4 Na5 5. Bb3 c4 6. Ba4 a6 7. Nf3 b5 8. Nxb5 axb5 9. Bxb5 Qb6 10. Ba4 Nf6 11. d3 Ng4 12. Qe2 Qb4+ 13. c3 Qxa4 14. h3 Nf6 15. 0-0 Be7 16. dxc4 Nb3 0-1